00670nam a2200193Ia 4500008004100000020001500041082001200056100002900068245005300097250000700150260004400157300002900201500002600230600003300256650001700289942000700306952014800313999001500461240925s9999 xx 000 0 und d a8522975929 a030 BRI aEncyclopedia , Britinica 0aBritannica Book of the Year 2000 events of 1999  aNA aChicago:bEncyclopadia Britanicc,1998. aviii,501p.bNAfOriginal aIncludes Bibliography aHumanities & Natural Science aEncyclopedia cBK 001040708HUMaUITUbUITUd2002-07-16eProgressive International Aggenciesg47200.00l0o030 BRIpQ4464r2024-09-25 07:13:31w2024-09-25yBK c6963d6963